000 00734nam a2200205 a 4500
003 0
005 20250304111852.0
008 090703s19uu xx 00 eng d
050 _aPGS ML 3918.P67
_b.T153 2009
100 _aTamargo, Tedd Isaac E.
245 _aMusical preference of SISC students /
_cTedd Isaac E. Tamargo.
260 _aLas PiƱas City, Philippines :
_bSouthville International School and Colleges,
_c2009.
300 _a28 pages :
_billustrations ;
_c28 cm.
504 _aIncludes bibliographic references.
650 _aMusic
_vPsychological aspects.
650 _aMusic preferences
_vStudents.
650 _aMusic and youth
_vAttitudes.
650 _aListening habits
_vStudents.
942 _2lcc
_cPASS
999 _c98215
_d98215